Movies Quiz

Random Movies or James Bond Quiz

James Bond Behind-the-Scenes Quiz Stats

 Plays Quiz not verified by Sporcle

Score 0/24 Timer 06:00
0 Plays Today
% Correct
Casino Royale
84%
Goldfinger
81.5%
Moonraker
78.9%
Spectre
78.1%
Dr. No
76.1%
Skyfall
72.2%
Die Another Day
69.9%
The Man with the Golden Gun
69.7%
Tomorrow Never Dies
69.1%
The World Is Not Enough
68.5%
From Russia With Love
68%
On Her Majesty's Secret Service
67.7%
% Correct
Quantum of Solace
65.7%
Octopussy
65.4%
Live And Let Die
65.4%
Diamonds Are Forever
60.4%
Goldeneye
59.8%
You Only Live Twice
59.6%
The Living Daylights
57.6%
Thunderball
56.7%
For Your Eyes Only
55.3%
The Spy Who Loved Me
55.1%
A View To A Kill
54.5%
Licence to Kill
53.4%

You're not logged in!

Compare scores with friends on all Sporcle quizzes.
OR
Log In

Show Comments

Extras

Top Quizzes Today


Score Distribution

Your Account Isn't Verified!

In order to create a playlist on Sporcle, you need to verify the email address you used during registration. Go to your Sporcle Settings to finish the process.

Report this User

Report this user for behavior that violates our Community Guidelines.

Details: